| 000 | 004400000a22001690004500 | ||
|---|---|---|---|
| 003 | MACL | ||
| 005 | 20151229161535.0 | ||
| 008 | 151229b xxu||||| |||| 00| 0 eng d | ||
| 040 |
_aMACL _cMACL |
||
| 041 | _aEnglish | ||
| 082 | _a294/DE | ||
| 100 |
_aDe, Gokuldas _924238 |
||
| 245 | _aSignificance and Importance of Jatakas | ||
| 260 |
_bCalcutta Univesity Press _c1951 _aCalcutta |
||
| 650 |
_aReligion _924239 |
||
| 942 |
_cBK _k294/de _2ddc |
||
| 999 |
_c35347 _d35347 |
||